000 00566nam a2200193Ia 4500
003 GCL
008 140319s9999 xx 000 0 ara d
020 _a2231215977
040 _aGCL /
_cGCL
082 0 4 _a025.32
_bم م
100 1 _aمحمد فتحى عبدالهادى
245 1 0 _aالمدخل الى علم الفهرسة /
_cمحمد فتحى عبدالهادى
300 _a421 ص ؛
_c24 سم
490 _a
650 0 4 _aالفهرسة الوصفية
650 0 4 _aالفهرسة، علم
650 0 4 _aالمكتبات، علم
942 _2ddc
_cBK
999 _c38657
_d38657